000 00501nam a22001697a 4500
005 20251108174826.0
008 250721s1985 xx 000 0 ara d
082 1 4 _a956.032/غوا
100 1 _aغوانمة، يوسف
245 1 0 _aمعركة اليرموك /
264 1 _aعمان :
_bدار هشام للنشر و التوزيع،
_c1985.
300 _a100ص.
650 1 7 _aالفتوحات الاسلامية
650 1 7 _aمعركة اليرموك
942 _2ddc
_cBK
999 _c119045
_d119045